载入...
Lesikar`s basic business communication /
| 主要作者: | |
|---|---|
| 其他作者: | , |
| 格式: | Printed Book |
| 出版: |
London :
Irwin ,
2000.
|
| 版: | 7th ed.; |
| 主题: |
| LEADER | 00517cam a2200169ua 4500 | ||
|---|---|---|---|
| 082 | 1 | 4 | |a 651.74 |b LES-L |
| 100 | 1 | |a Lesikar, Raymond V . | |
| 245 | 1 | 0 | |a Lesikar`s basic business communication / |
| 250 | |a 7th ed.; | ||
| 260 | |a London : |b Irwin , |c 2000. | ||
| 300 | |a 197p ; | ||
| 650 | 0 | |a Business communication | |
| 700 | |a Pettit,John D. | ||
| 700 | |a Flatley,Marie E. | ||
| 942 | |c BK | ||
| 999 | |c 35380 |d 35380 | ||
| 952 | |0 0 |1 0 |4 0 |6 651_740000000000000_LESL |7 0 |9 45344 |a KU |b KU |d 2015-07-05 |l 0 |o 651.74 LES-L |p MB00725 |r 2020-12-24 |y BK | ||